000 01830cam a22004814i 4500
003 PE-LiUPU
005 20250731173016.0
008 150623s r 000 0 d
020 _a1573120529
035 _a(Sirsi) i9781573120524
040 _aPE-LiUPU
_bspa
_cPE-LiUPU
_erda
049 _aPRUA
082 0 4 _a234.161
_bR79
_221
100 1 _aPaul S. fiddes,
_eautor.
245 1 0 _aReflections on the water :
_bunderstanding God and the world through the baptism of believers /
_ceditado por Paul S. Fiddes, with a response by Christopher Rowland.
264 1 _aMacon, Georgia :
_bSmyth and Helwys Publishing, Inc.,
_c1996.
300 _a143 páginas ;
_c23 centímetros
336 _atext
_2rdacontent
337 _aunmediated
_2rdamedia
338 _avolume
_2rdacarrier
490 0 _aRegent's Study Guides ;
_v4
504 _aIncluye bibliografía.
505 0 _aBelievers baptized: an anthology. -Baptism and the sacramental freedom of God. -Baptismo and creation. -Baptism as a political act. -Baptism and the identity of Christian commnunities. -Baptized. -A response: anglican reflections.
526 _aSEG42
526 _aSEG41
526 _aSEG40
526 _aSEG39
526 _aP94
526 _aP87
526 _aP86
526 _aP85
526 _aP77
526 _aP76
526 _aP35
650 0 4 _aBautismo
_xBautistas.
650 0 4 _aBautistas
_xDoctrinas.
942 _2ddc
_cBOOK
949 _a234.161 R79
_wDEWEY
_c1
_i47316
_lCCODEBUL1
_mBUL
_r0
_sY
_tBOOK
_u2015-6-24
_xTEOLOGIA
_PP35
_0COMPRA
_o.STAFF. Colección General
994 _aC0
_bPEPRU
596 _a1
999 _a234.161 R79
_wDEWEY
_c23866
_i47316
_f2021-11-10
_g5
_lCCODEBUL1
_mBUL
_r0
_sY
_tBOOK
_u2015-6-24
_xTEOLOGIA
_PP35
_0COMPRA
_o.STAFF. Colección General
_d23866
980 _81
_gALBERTO SANCHEZ Responsable de Automatización